| 000 | 00924nam a2200217 a 4500 | ||
|---|---|---|---|
| 001 | 000647647 | ||
| 003 | AM-YEHGA | ||
| 005 | 20250617164313.0 | ||
| 008 | 090330s1962 ai | |||||||||||||rus|d | ||
| 040 | _aAM-YeHGA | ||
| 041 | 0 | _arus | |
| 100 | 1 | _aБатурин, Е.К. | |
| 245 | 1 | 0 |
_aОрганизация ремонта машинно-тракторного парка в сельском хозяйстве / _cЕ.К. Батурин, В.В. Булкин, Г.В. Благовещенский. |
| 260 |
_aТашкент : _bСредняя и высшая школа, _c1962. |
||
| 300 |
_a100 с. : _b6 вкл. л. рис., табл. ; _c20 см. |
||
| 650 | 1 | 4 | _aСельскохозяйственные машины и орудия |
| 650 | 1 | 4 | _aМеханизация сельского хозяйства |
| 700 | 1 | _aБулкин, В.В. | |
| 700 | 1 | _aБлаговещенский, Г.В. | |
| 090 | _c525149 | ||
| 999 |
_c521568 _d521568 |
||